The Silmarillion: All characters starting with M - Statistics

General Stats
  • This quiz has been taken 36 times
  • The average score is 14 of 19
Answer Stats
Hint Answer % Correct
Second son of Feanor, and great singer and minstrel: Maglor
96%
The chief of the Valar: Manwe
96%
The great rebellious Vala, the beginning of evil, in his origin the mightiest of the Ainur: Morgoth
96%
Eldest son of Feanor; rescued by Fingon from Thangorodrim: Maedhros
92%
A Maia, who left Valinor and came to Middle Earth, she was the mother of Luthien and wife of King Thingol: Melian
92%
The Petty-dwarf, in whose house on Amon Rudh Turin dwelt with his outlaw band, and by whom their lair was betrayed to the Orcs: Mim
92%
Son of Eol and Aredhel; became mighty in Gondolin and betrayed it to Morgoth; slain in the sack of the city by Tuor: Maeglin
88%
A Vala, one of the Aratar. His name means 'Ordainer, judge': Mandos
88%
First wife of Finwe, mother of Feanor; died after Feanor's birth: Miriel
88%
Daughter of Tar-Palantir, and forced into marriage by Ar-Pharazon: Miriel
88%
Given the Elvish name 'Aratan': Malach
81%
The wife of Hurin, and mother of Turin, Neinor, and Lalaith: Morwen
77%
Elf of Doriath, friend of Turin. Slain in Menegroth by the Dwarves: Mablung
73%
A great smith of the Noldor. The father of Nerdanal: Mahtan
58%
Leader of the third host of men to enter Beleriand: Marach
50%
Son of Anarion, King of Gondor: Meneldil
46%
Called the Faithful. The first Ruling Steward of Gondor: Mardil
35%
11th King of Numenor, who aided Gil-galad against Sauron: Minastir
35%
Son of Malach Aratan. Leader of the men of the following of Malach who entered West Beleriand: Magor
23%
No matching quizzes found
Score Distribution
Percent of People with Each Score
Percentile by Number Answered
Your Score History
You have not taken this quiz